| 000 | 00706nam a22001457a 4500 | ||
|---|---|---|---|
| 003 | OSt | ||
| 005 | 20160324100517.0 | ||
| 008 | 160324b xxu||||| |||| 00| 0 eng d | ||
| 040 | _cRUA | ||
| 082 | _aAGR SRE 2010 B472 Or.1 | ||
| 100 |
_98180 _aSRENG LEANGCHENG; ស្រេង លាងឆេង |
||
| 245 | _aEffect of plant density on growth and yield of mungbean at royal university of agriculture, ឥទ្ធិពលនៃដង់ស៊ីតេដំណាំលើការលូតលាស់ និងទិន្នផលសណ្ដែកបាយនៅសាកលវិទ្យាល័យភូមិន្ទកសិកម្ម | ||
| 300 |
_axviii,39p. _bill. _c29cm. |
||
| 942 |
_2ddc _cAGR |
||
| 999 |
_c7792 _d7792 |
||